Quality of inputs, returns to scale and the form of the production function in the Japanese tuna longine fishery
About the quality of inputs, returns to scale and the form of the production function in the Japanese tuna longine fishery
Gardado en:
| Autor Principal: | |
|---|---|
| Formato: | Libro |
| Idioma: | Undetermined |
| Publicado: |
London
University Microfilms International
1973
|
| Những chủ đề: | |
| Các nhãn: |
Engadir etiqueta
Sen Etiquetas, Sexa o primeiro en etiquetar este rexistro!
|
| Thư viện lưu trữ: | Trung tâm Học liệu Trường Đại học Cần Thơ |
|---|
| LEADER | 00919nam a2200205Ia 4500 | ||
|---|---|---|---|
| 001 | CTU_221132 | ||
| 008 | 210402s9999 xx 000 0 und d | ||
| 082 | |a 333.952 | ||
| 082 | |b S698 | ||
| 100 | |a Song, Lee Bun | ||
| 245 | 0 | |a Quality of inputs, returns to scale and the form of the production function in the Japanese tuna longine fishery | |
| 245 | 0 | |c Lee Bun Song | |
| 260 | |a London | ||
| 260 | |b University Microfilms International | ||
| 260 | |c 1973 | ||
| 520 | |a About the quality of inputs, returns to scale and the form of the production function in the Japanese tuna longine fishery | ||
| 650 | |a Tuna fisheries,Khai thác cá ngừ,Fishery policy,Fishery management, International,Chính sách nghề cá,Quản lý nghề cá, Quốc tế | ||
| 650 | |z Japanese,Nhật Bản,Japanese,Nhật Bản | ||
| 904 | |i Nguyên | ||
| 980 | |a Trung tâm Học liệu Trường Đại học Cần Thơ | ||